Statistics for NBA Players with the Best Winning Percentage of All Time

Click here to take the quiz!

General Stats

  • This quiz has been taken 27 times
  • The average score is 12 of 25

Answer Stats

Accolades Status Record Win % Player % Correct
5x Champion, 3x Finals MVPRetired1001-39171.91%Tim Duncan
88%
2x Champion, 2x Finals MVPActive352-11575.37%Kawhi Leonard
83%
2x ChampionActive447-17372.10%Danny Green
79%
4x Champion, 1x Finals MVPRetired892-36271.13%Tony Parker
79%
3x Champion, 1x DPoYActive391-14273.36%Draymond Green
79%
6x Champion, 2x Finals MVPRetired1074-48668.85%Kareem Abdul-Jabbar
75%
3x Champion, 5x All-StarActive432-18270.36%Klay Thompson
75%
4x Champion, 1x 6MoYRetired762-29572.09%Manu Ginobili
71%
5x Champion, 3x Finals MVPRetired670-23673.95%Magic Johnson
71%
3x Champion, 2x Finals MVPRetired660-23773.58%Larry Bird
67%
3x Champion, 2x 6MoYRetired674-29769.41%Kevin McHale
63%
6x Champion, 7x All-StarRetired810-36868.76%Scottie Pippen
63%
8x ChampionRetired494-18273.08%KC Jones
54%
10x Champion, 5x All-StarRetired624-24272.06%Sam Jones
54%
5x Champion, 2x DPoYRetired636-27569.81%Dennis Rodman
50%
8x Champion, 6x All-StarRetired475-17972.63%Tom Heinsohn
33%
5x Champion, 1x DPoYRetired636-23772.85%Michael Cooper
33%
2x Champion, 1x All-StarRetired719-32369.00%Danny Ainge
33%
8x ChampionRetired639-27869.68%Tom Sanders
21%
7x ChampionRetired439-18470.47%Frank Ramsey
17%
7x ChampionRetired358-15070.47%Jim Loscutoff
8%
11x Champion, 12x All-StarRetired690-27371.65%Bill Rusell
8%
1x ChampionActive418-18769.09%Patty Mills
4%
1x ChampionActive247-10869.58%Tiago Splitter
4%
1x ChampionActive175-8068.63%Norman Powell
4%

Score Distribution

Percentile by Number Answered

Percent of People with Each Score

Your Score History

You have not taken this quiz